000
002800000a22000970004500
100
1
_a
Black, David Alan (1952-)
245
1
0
_a
Jesus on anger : The text of Matthew 5:22a revisited
300
_a
Vol. 30, Num. 1 (Enero, 1988), Páginas 1-8
773
0
_t
Novum Testamentum
942
_c
ANA
999
_c
56744
_d
56744